<?xml version="1.0" encoding="UTF-8"?>
<record
    xmlns:xsi="http://www.w3.org/2001/XMLSchema-instance"
    xsi:schemaLocation="http://www.loc.gov/MARC21/slim http://www.loc.gov/standards/marcxml/schema/MARC21slim.xsd"
    xmlns="http://www.loc.gov/MARC21/slim">

  <leader>01125    a2200217   4500</leader>
  <controlfield tag="003">NALT</controlfield>
  <controlfield tag="005">20220510073608.0</controlfield>
  <controlfield tag="008">200723b        th ||||| |||| 00| 0 tha d</controlfield>
  <datafield tag="020" ind1=" " ind2=" ">
    <subfield code="a">9786162834295</subfield>
  </datafield>
  <datafield tag="040" ind1=" " ind2=" ">
    <subfield code="a">NALT</subfield>
  </datafield>
  <datafield tag="050" ind1=" " ind2=" ">
    <subfield code="a">DS 568</subfield>
    <subfield code="b">&#xE1E;376 2562</subfield>
  </datafield>
  <datafield tag="245" ind1="0" ind2="0">
    <subfield code="a">&#xE1E;&#xE23;&#xE30;&#xE23;&#xE32;&#xE0A;&#xE1E;&#xE34;&#xE18;&#xE35;&#xE1A;&#xE23;&#xE21;&#xE23;&#xE32;&#xE0A;&#xE32;&#xE20;&#xE34;&#xE40;&#xE29;&#xE01;&#xE43;&#xE19;&#xE40;&#xE2D;&#xE01;&#xE2A;&#xE32;&#xE23;&#xE15;&#xE48;&#xE32;&#xE07;&#xE1B;&#xE23;&#xE30;&#xE40;&#xE17;&#xE28; /</subfield>
    <subfield code="c">&#xE2A;&#xE33;&#xE19;&#xE31;&#xE01;&#xE27;&#xE23;&#xE23;&#xE13;&#xE01;&#xE23;&#xE23;&#xE21;&#xE41;&#xE25;&#xE30;&#xE1B;&#xE23;&#xE30;&#xE27;&#xE31;&#xE15;&#xE34;&#xE28;&#xE32;&#xE2A;&#xE15;&#xE23;&#xE4C; &#xE01;&#xE23;&#xE21;&#xE28;&#xE34;&#xE25;&#xE1B;&#xE32;&#xE01;&#xE23;.</subfield>
  </datafield>
  <datafield tag="250" ind1=" " ind2=" ">
    <subfield code="a">&#xE1E;&#xE34;&#xE21;&#xE1E;&#xE4C;&#xE40;&#xE1C;&#xE22;&#xE41;&#xE1E;&#xE23;&#xE48;&#xE04;&#xE23;&#xE31;&#xE49;&#xE07;&#xE41;&#xE23;&#xE01;</subfield>
  </datafield>
  <datafield tag="260" ind1=" " ind2=" ">
    <subfield code="a">&#xE01;&#xE23;&#xE38;&#xE07;&#xE40;&#xE17;&#xE1E;&#xE2F; : </subfield>
    <subfield code="b">&#xE2A;&#xE33;&#xE19;&#xE31;&#xE01;&#xE27;&#xE23;&#xE23;&#xE13;&#xE01;&#xE23;&#xE23;&#xE21;&#xE41;&#xE25;&#xE30;&#xE1B;&#xE23;&#xE30;&#xE27;&#xE31;&#xE15;&#xE34;&#xE28;&#xE32;&#xE2A;&#xE15;&#xE23;&#xE4C; &#xE01;&#xE23;&#xE21;&#xE28;&#xE34;&#xE25;&#xE1B;&#xE32;&#xE01;&#xE23;, </subfield>
    <subfield code="c">2562.</subfield>
  </datafield>
  <datafield tag="300" ind1=" " ind2=" ">
    <subfield code="a">232 &#xE2B;&#xE19;&#xE49;&#xE32; :</subfield>
    <subfield code="b">&#xE20;&#xE32;&#xE1E;&#xE1B;&#xE23;&#xE30;&#xE01;&#xE2D;&#xE1A; ;</subfield>
    <subfield code="c">30 &#xE0B;&#xE21;.</subfield>
  </datafield>
  <datafield tag="650" ind1=" " ind2="0">
    <subfield code="a">&#xE23;&#xE32;&#xE0A;&#xE32;&#xE20;&#xE34;&#xE40;&#xE29;&#xE01; </subfield>
    <subfield code="z">&#xE44;&#xE17;&#xE22; </subfield>
    <subfield code="9">40237</subfield>
  </datafield>
  <datafield tag="650" ind1=" " ind2="0">
    <subfield code="a">&#xE1E;&#xE34;&#xE18;&#xE35;&#xE17;&#xE32;&#xE07;&#xE28;&#xE32;&#xE2A;&#xE19;&#xE32;&#xE41;&#xE25;&#xE30;&#xE1E;&#xE34;&#xE18;&#xE35;&#xE01;&#xE23;&#xE23;&#xE21;</subfield>
    <subfield code="9">14455</subfield>
  </datafield>
  <datafield tag="850" ind1=" " ind2=" ">
    <subfield code="a">NALT</subfield>
  </datafield>
  <datafield tag="942" ind1=" " ind2=" ">
    <subfield code="2">lcc</subfield>
    <subfield code="c">GB</subfield>
  </datafield>
  <datafield tag="998" ind1=" " ind2=" ">
    <subfield code="a">phon</subfield>
    <subfield code="b">phon</subfield>
    <subfield code="c">phon</subfield>
    <subfield code="j">1020</subfield>
    <subfield code="k"> &#xE08;&#xE33;&#xE40;&#xE23;&#xE35;&#xE22;&#xE07; &#xE23;&#xE30;&#xE27;&#xE31;&#xE07;&#xE2A;&#xE33;&#xE42;&#xE23;&#xE07;</subfield>
  </datafield>
  <datafield tag="999" ind1=" " ind2=" ">
    <subfield code="c">97395</subfield>
    <subfield code="d">97395</subfield>
  </datafield>
  <datafield tag="952" ind1=" " ind2=" ">
    <subfield code="0">0</subfield>
    <subfield code="1">0</subfield>
    <subfield code="2">lcc</subfield>
    <subfield code="4">0</subfield>
    <subfield code="7">0</subfield>
    <subfield code="8">CGBL</subfield>
    <subfield code="a">NALT</subfield>
    <subfield code="b">NALT</subfield>
    <subfield code="c">GEN</subfield>
    <subfield code="d">2020-07-21</subfield>
    <subfield code="e">1</subfield>
    <subfield code="l">0</subfield>
    <subfield code="o">DS 568 &#xE1E;376 2562</subfield>
    <subfield code="p">3961211074</subfield>
    <subfield code="r">2020-08-04 00:00:00</subfield>
    <subfield code="w">2020-07-21</subfield>
    <subfield code="y">GB</subfield>
  </datafield>
</record>
